Meilleures équipes océaniennes - Statistiques

Statistiques générales
  • Ce quiz a été pris 11 fois
  • Le résultat moyen est 3 sur 5
Statistiques - réponses
Classement Rang mondial Nation % Correct
1 85 Nouvelle-Zélande
100%
4 155 Fidji
82%
2 150 Nouvelle-Calédonie
73%
5 157 Tahiti
55%
3 152 Îles Salomon
27%
Aucun quiz correspondant
Distribution des résultats
% des personnes avec chaque résultat
Percentile par nombre de réponses
Votre historique - résultats
Vous n’avez pas pris ce quiz